Bí quyết học đâu nhớ đó : Phương pháp ghi nhớ không ngoan

Cuốn sách sẽ đem đến cho bạn những chiến lược đơn giản và thực tế mà bất cứ ai cũng có thể sử dụng, tại bất cứ thời điểm nào trong đời. Giúp luyện tập thông qua các hồi tưởng đa dạng, rèn luyện ngắt quảng và đan xen nội dung có liê...

Descrición completa

Gardado en:
Detalles Bibliográficos
Autor Principal: Brown, Peter C.
Formato: Libro
Idioma:Undetermined
Publicado: Hà Nội Lao động 2017
Những chủ đề:
Các nhãn: Engadir etiqueta
Sen Etiquetas, Sexa o primeiro en etiquetar este rexistro!
Thư viện lưu trữ: Trung tâm Học liệu Trường Đại học Cần Thơ
LEADER 01095nam a2200217Ia 4500
001 CTU_230365
008 210402s9999 xx 000 0 und d
020 |c 129000 
082 |a 370.1523 
082 |b B877 
100 |a Brown, Peter C. 
245 0 |a Bí quyết học đâu nhớ đó : 
245 0 |b Phương pháp ghi nhớ không ngoan 
245 0 |c Peter C. Brown, Mark A. McDaniel, Henry L. Roediger ; Lưu Thị Thanh Huyền (dịch) 
260 |a Hà Nội 
260 |b Lao động 
260 |c 2017 
520 |a Cuốn sách sẽ đem đến cho bạn những chiến lược đơn giản và thực tế mà bất cứ ai cũng có thể sử dụng, tại bất cứ thời điểm nào trong đời. Giúp luyện tập thông qua các hồi tưởng đa dạng, rèn luyện ngắt quảng và đan xen nội dung có liên quan tới chủ đề... 
650 |a Kỹ năng học tập,Study skills 
910 |b dqhieu 
980 |a Trung tâm Học liệu Trường Đại học Cần Thơ